00933 a2200193 45000010006000000050017000060080041000230030015000640400040000790800056001192450040001752640043002153000019002585050305002770410008005821000024005907000030006148560095006443577420260407155637.0260407a1979 arg spa dAR-UNSa-BCEJYS aAR-UNSa-BCEJYSbspacAR-UNSa-BCEJYS a336.14xPresupuesto público. Presupuesto nacional10aEl presupuesto del sector público 1aBuenos Aires :bEdiciones Macchic1979 a131 p.c22 cm. a1. Teoría general del presupuesto tradicional y moderno - 2. Clasificación y erogaciones en el presupuesto - 3. Clasificación y definición de los recursos - 4. El proceso presupuestario - 5. El presupuesto por programas en la práctica latinoamericana - 6. Presupuesto de empresas públicas aspa1 aCaplán, Benedicto1 aCaplan de Cohen, Norma R.41uhttps://biblioeco.unsa.edu.ar/pmb/images/libros/L125303.jpgyImagen de portadaqimage/jpeg